header

The transhumanist reader (Record no. 163535)

MARC details
000 -LEADER
fixed length control field 01925nam a2200373 a 4500
082 04 - DEWEY DECIMAL CLASSIFICATION NUMBER
Classification number 610.285
245 04 - TITLE STATEMENT
Title The transhumanist reader
260 ## - PUBLICATION, DISTRIBUTION, ETC. (IMPRINT)
Place of publication Chichester, West Sussex, U.K. :
Name of publisher Wiley-Blackwell,
Year of publication 2013.
300 ## - PHYSICAL DESCRIPTION
Number of Pages xiii, 460 p. :
Other physical details ill.
505 0# - FORMATTED CONTENTS NOTE
Formatted contents note pt. I. Roots and core themes -- pt. II. Human enhancement : the somatic sphere -- pt. III. Human enhancement : the cognitive sphere -- pt. IV. Core technologies -- pt. V. Engines of life : identity and beyond death -- pt. VI. Enhanced decision-making -- pt. VII. Biopolitics and policy -- pt. VIII. Future trajectories : singularity -- pt. IX. The world's most dangerous idea.
650 #0 - SUBJECT ADDED ENTRY--TOPICAL TERM
Topical Term Medical technology
Topical Term Humanism
Topical Term Human body (Philosophy)
Topical Term Genetic engineering
700 1# - ADDED ENTRY--PERSONAL NAME
Personal name More, Max,
Personal name Vita-More, Natasha,
856 40 - ELECTRONIC LOCATION AND ACCESS
Uniform Resource Identifier http://site.ebrary.com/lib/rucke/Doc?id=10671577

No items available.

© 2026 Rongo University
Contact us: librarian | system librarian | Rongo university